Proton exchange membrane fuel cells : (Record no. 355224)
[ view plain ]
| 000 -LEADER | |
|---|---|
| fixed length control field | 01082cam a22002778a 4500 |
| 001 - CONTROL NUMBER | |
| control field | 15988010 |
| 003 - CONTROL NUMBER IDENTIFIER | |
| control field | Nust- CAS-E |
| 005 - DATE AND TIME OF LATEST TRANSACTION | |
| control field | 20180118181354.0 |
| 008 - FIXED-LENGTH DATA ELEMENTS--GENERAL INFORMATION | |
| fixed length control field | 091118s2010 flua b 001 0 eng |
| 010 ## - LIBRARY OF CONGRESS CONTROL NUMBER | |
| LC control number | 2009045645 |
| 020 ## - INTERNATIONAL STANDARD BOOK NUMBER | |
| International Standard Book Number | 9781439806784 |
| 040 ## - CATALOGING SOURCE | |
| Original cataloging agency | DLC |
| Transcribing agency | DLC |
| Modifying agency | DLC |
| 050 00 - LIBRARY OF CONGRESS CALL NUMBER | |
| Classification number | TK2931 |
| Item number | .P7846 2010 |
| 082 00 - DEWEY DECIMAL CLASSIFICATION NUMBER | |
| Classification number | 621.31/2429 |
| Edition number | 22 |
| Author Mark | PRO 2010 |
| 245 00 - TITLE STATEMENT | |
| Title | Proton exchange membrane fuel cells : |
| Remainder of title | contamination and mitigation strategies / |
| Statement of responsibility, etc. | editors, Hui Li ... [et al.]. |
| 260 ## - PUBLICATION, DISTRIBUTION, ETC. | |
| Place of publication, distribution, etc. | Boca Raton : |
| Name of publisher, distributor, etc. | Taylor & Francis, |
| Date of publication, distribution, etc. | 2010. |
| 300 ## - PHYSICAL DESCRIPTION | |
| Extent | 417 p. : |
| Other physical details | ill. ; |
| Dimensions | 24 cm. |
| 490 0# - SERIES STATEMENT | |
| Series statement | Green chemistry and chemistry engineering |
| 504 ## - BIBLIOGRAPHY, ETC. NOTE | |
| Bibliography, etc. note | Includes bibliographical references and index. |
| 650 #0 - SUBJECT ADDED ENTRY--TOPICAL TERM | |
| Topical term or geographic name entry element | Proton exchange membrane fuel cells. |
| 700 1# - ADDED ENTRY--PERSONAL NAME | |
| Personal name | Li, Hui, |
| Dates associated with a name | 1964- |
| 710 0# - ADDED ENTRY--CORPORATE NAME | |
| Relator code | Shanna Knights, Zheng Shi, John W. Van Zee, Jiujun Zhang |
| 906 ## - LOCAL DATA ELEMENT F, LDF (RLIN) | |
| a | 7 |
| b | cbc |
| c | orignew |
| d | 1 |
| e | ecip |
| f | 20 |
| g | y-gencatlg |
| 942 ## - ADDED ENTRY ELEMENTS (KOHA) | |
| Source of classification or shelving scheme | |
| Koha item type | Book |
| Withdrawn status | Lost status | Source of classification or shelving scheme | Damaged status | Not for loan | Permanent Location | Current Location | Shelving location | Date acquired | Source of acquisition | Total Checkouts | Full call number | Barcode | Date last seen | Cost, replacement price | Price effective from | Koha item type | Collection code | Cost, normal purchase price | Copy number |
|---|---|---|---|---|---|---|---|---|---|---|---|---|---|---|---|---|---|---|---|
| US-Pakistan Center for Advanced Studies in Energy (USPCAS-E) | US-Pakistan Center for Advanced Studies in Energy (USPCAS-E) | General Stacks | 04/11/2013 | Victoria co | 621.312429 PRO 2010 | CAS-E0000080 | 02/14/2014 | 15861.00 | 02/14/2014 | Book | |||||||||
| US-Pakistan Center for Advanced Studies in Energy (USPCAS-E) | US-Pakistan Center for Advanced Studies in Energy (USPCAS-E) | 12/01/2015 | Victoria Co. | 621.31/2429 PRO 2010 | CAS-E0000813 | 12/01/2015 | 12/01/2015 | Book | 12788.00 | 2 | |||||||||
| US-Pakistan Center for Advanced Studies in Energy (USPCAS-E) | US-Pakistan Center for Advanced Studies in Energy (USPCAS-E) | 12/01/2015 | Victoria Co. | 621.31/2429 PRO 2010 | CAS-E0000814 | 12/01/2015 | 12/01/2015 | Book | 12788.00 | 3 |
